Fragmentaria / (Record no. 192997)

MARC details
000 -LEADER
campo de control de longitud fija 01177nam a2200337 i 4500
001 - NÚMERO DE CONTROL
campo de control 192997
003 - IDENTIFICADOR DE NÚMERO DE CONTROL
campo de control SpMaBN
005 - FECHA Y HORA DE LA ÚLTIMA TRANSACCIÓN
campo de control 20240803092933.0
007 - CAMPO FIJO DE DESCRIPCIÓN FÍSICA--INFORMACIÓN GENERAL
campo de control de longitud fija ta
008 - DATOS DE LONGITUD FIJA--INFORMACIÓN GENERAL
campo de control de longitud fija 230720s2020 sp | |||| 000 p spa
017 ## - NÚMERO DE COPYRIGHT O DE DEPÓSITO LEGAL
Número de copyright o de depósito legal AB 330-2020
Agencia que asigna Oficina Depósito Legal Albacete
020 ## - NÚMERO INTERNACIONAL ESTÁNDAR DEL LIBRO
Número Internacional Estándar del Libro 9788418438004
035 ## - NÚMERO DE CONTROL DEL SISTEMA
Número de control de sistema a6744009
040 ## - FUENTE DE CATALOGACIÓN
Centro catalogador/agencia de origen SpMaBN
Lengua de catalogación spa
Centro/agencia transcriptor SpMaBN
Normas de descripción rda
Centro/agencia modificador ES-MaACL
080 ## - NÚMERO DE LA CLASIFICACIÓN DECIMAL UNIVERSAL
Número de la Clasificación Decimal Universal 821.134.2-14"19"
100 ## - ENTRADA PRINCIPAL--NOMBRE DE PERSONA
Nombre de persona Perles Navarro, María
9 (RLIN) 233771
245 10 - MENCIÓN DEL TÍTULO
Título Fragmentaria /
Mención de responsabilidad, etc. Nadir A.
264 #1 - PRODUCCIÓN, PUBLICACIÓN, DISTRIBUCIÓN, FABRICACIÓN Y COPYRIGHT
Producción, publicación, distribución, fabricación y copyright [Albacete] :
Nombre del de productor, editor, distribuidor, fabricante Uno Editorial,
Fecha de producción, publicación, distribución, fabricación o copyright [2020]
264 #4 - PRODUCCIÓN, PUBLICACIÓN, DISTRIBUCIÓN, FABRICACIÓN Y COPYRIGHT
Fecha de producción, publicación, distribución, fabricación o copyright ©2020
300 ## - DESCRIPCIÓN FÍSICA
Extensión 103 páginas ;
Dimensiones 19 cm
336 ## - TIPO DE CONTENIDO
Término de tipo de contenido Texto
Fuente rdacontent
337 ## - TIPO DE MEDIO
Nombre/término del tipo de medio sin mediación
Fuente rdamedia
338 ## - TIPO DE SOPORTE
Nombre/término del tipo de soporte volumen
Fuente rdacarrier
655 #7 - TERMINO DE INDIZACIÓN--GENERO/FORMA
Datos o término principal de género/forma Poesías
Fuente del término tgfbne
9 (RLIN) 176539
655 #7 - TERMINO DE INDIZACIÓN--GENERO/FORMA
Datos o término principal de género/forma Poemas en prosa
Fuente del término tgfbne
9 (RLIN) 226859
852 ## - LOCALIZACIÓN
Ubicación ES-MaACL
Sublocalización o colección R.153554
itemnumber 200301
Número de control de estantería N-9050
Ubicación en estantería Depósito J
Anotaciones manuscritas Firmado y dedicado por la autora
Donativo/Legado Donación: María Perles (pseudónimo: Nadir A.)
Encuadernación Rústica con solapas
942 ## - ELEMENTOS DE ENTRADA SECUNDARIOS (KOHA)
Suprimir en OPAC No
Tipo de ítem Koha Libro impreso
Holdings
Estatus retirado Estado de pérdida Fuente del sistema de clasificación o colocación Estado de daño No para préstamo Colección Biblioteca de origen Biblioteca actual Ubicación en estantería Fecha de adquisición Fuente de adquisición Número de control de estantería Total de préstamos Signatura topográfica completa Código de barras Visto por última vez Precio de reemplazo Tipo de ítem Koha Nota pública
    Clasificación decimal universal     Libros con dedicatorias Biblioteca del Ateneo de Madrid Biblioteca del Ateneo de Madrid Depósito J 07/12/2022 Donación Ateneísta   N-9050 101205594 20/07/2023 20/07/2023 Libro impreso Dedicatoria autógrafa de la autora